000
00286nam a2200109Ia 4500
008
200302s9999 xx 000 0 und d
100
_a
Philip Jodidio & Other
245
_a
I.M.P.E Complete Works
260
_b
Rizzoli International Publications, Inc.
260
_c
2008
300
_a
367 P.,
999
_c
2964
_d
2964